• 首页
  • 本馆介绍
  • 公告通知
  • 最新文献
  • 馆藏检索
  • 电子资源
  • 读者导购
  • 参考咨询
  • 我的图书馆
  • 登录
  • 详细信息显示
  • 放入我的书架
  • 预约/预借图书
  • 作者相关作品
  • 分类相关作品
  • 丛书相关作品
  • 出版社相关作品

书目信息

  • 表格格式
  • 工作单格式
  • 卡片格式
题名:
西方现代艺术设计简史
    
 
作者: 郑立君 , 郑筱莹 编著
分册:  
出版信息: 上海   上海人民美术出版  2005
页数: 151页
开本: 25cm
丛书名:
单 册:
中图分类: J110.95
科图分类:
主题词: 艺术史--西方国家--现代--高等学校--教材
电子资源:
ISBN: 7-5322-4210-2
000 00841nam0 2200241 450
001 1540169398
005 20150118111011.48
010    @a7-5322-4210-2@dCNY38.00
100    @a20051201d2005 em y0chiy50 ea
101 0  @achi
102    @aCN@b310000
105    @aa z 000yy
200 1  @a西方现代艺术设计简史@9xi fang xian dai yi shu she ji jian shi@f郑立君,郑筱莹编著
210    @a上海@c上海人民美术出版@d2005
215    @a151页@c图@d25cm
300    @a高等院校设计理论系列教材
330    @a本书内容主要围绕艺术设计类基础理论进行编写,共分九章,包括:设计与艺术设计史、莫里斯和英国工艺美术运动、新艺术运动等。
606 0  @a艺术史@x西方国家@z现代@x高等学校@j教材
690    @aJ110.95@v5
701  0 @a郑立君@9zheng li jun@4编著
701  0 @a郑筱莹@9zheng xiao ying@4编著
801  0 @aCN@bTSSF@c20150118
905    @aZUCC@dJ110.95@eJY1
    
    西方现代艺术设计简史/郑立君,郑筱莹编著.-上海:上海人民美术出版,2005
    151页:图;25cm
    高等院校设计理论系列教材
    
    ISBN 7-5322-4210-2:CNY38.00
    本书内容主要围绕艺术设计类基础理论进行编写,共分九章,包括:设计与艺术设计史、莫里斯和英国工艺美术运动、新艺术运动等。
●
相关链接 在E读中查询图书 在五车中查询图书 在当当中查询图书 在豆瓣中查询图书


正题名:西方现代艺术设计简史     索取号:J110.95/JY1         预约/预借

序号 登录号 条形码 馆藏地/架位号 状态 备注
1 7853214   278532143   学院路分馆/ [索取号:J110.95/JY1] 在馆    
唐山师范学院图书馆 欢迎您!
大连网信软件有限公司© 版权所有